000 00713nam a2200241Ia 4500
003 OSt
005 20220928133305.0
006 a|||||r|||| 00| 0
007 ta
008 220927b |||||||| |||| 00| 0 eng d
024 _a145423
037 _cTextual
040 _aSDCL
_cSDCL
_beng
041 _2eng
_aeng
082 _aY73(Q7):1'L, J0.1
100 _aGibb Hamilton
_9485129
245 0 _aIslamic society and the West.
260 _aLondon
_bOxford Univeristy Press
_c1950
490 _vV1:Islamic society in the Eighteenth Century:xi,386p
700 _a Bowen Harold
_9485130
942 _hY73(Q7):1'L, J0.1
_cTEXL
_2CC
999 _c799011
_d799011